1465 1910 1641 1372 1080 1938 1592 1079 1560 1903 1409 1945 1912 1007 1803 1106 1781 1516 1336 1951 1961 1774 1912 1395 1099 1317 1103 1787 1607 1002 1847 1678 1125 1049 1083 1880 1888 1595 1505 1272 1289 1113 1851 1407 1694 1868 1519 1167 1741 1106 1216 1867 1638 1905 1453 1748 1766 1134 1761 1074 1951 1996 1489 1113 1380 1053 1204 1701 1382 1987 1783 1578 1596 1165 1252 1812 1182 1672 1970 1901 1004 1946 1875 1051 1252 1092 1772 1584 1381 1724 1989 1837 1341 1842 1293 1660 1696 1507 1252 BCNSPRNW ULIB Ver.6.0+V

เปลี่ยนเป็นภาษาไทย

Change to English
 แสดงรายละเอียดบรรณานุกรม
  กลับหน้าหลัก

Brief Record : Get Marc (ISO 2709) : E-mail record : QR code < ปิดหน้าต่าง
LEADER : 00000nam 2200000uu 4500
001    13399119956
003     ULIB
008    020711s2551 th a 000 0 tha d
020    9789740423409
090    นว.^bล266พ
100    ลานไพลิน
245    พยับเมฆ ลายหมอก/^cลานไพลิน
260    กรุงเทพฯ :^bสถาพรบุ๊คส์,^c2551
945    ^p180^l0^i15039
999    ^aทศพร เกษรทอง
รายการนี้ยังไม่มีแท็ก
คุณยังไม่ได้ล็อกอิน คุณสามารถมีกิจกรรมร่วมกับเว็บไซต์ได้ แต่ต้องล็อกอินก่อน ::
  ล็อกอิน

รายการสื่อสารสนเทศ

ลำดับที่ ประเภท เลขเรียก/บาร์โค้ด สถานที่ สถานะ
1. นวนิยาย
นวนิยาย
นว. ล266พ ฉ.1 
  Barcode: 15039
ห้องสมุดวิทยาเขตสวรรค์ประชารักษ์
►นวนิยาย
บนชั้น
  ขอยืม

BibComment


ยังไม่เคยถูกคอมเมนท์

คอมเมนท์ทรัพยากรรายการนี้
  คอมเมนท์: พยับเมฆ ลายหมอก ล..


 Copyright 2026. Bcnsprnw @Library